00399 2200157 4500001002100000005001500021035002000036245003900056100001400095300002800109260004500137082000800182084001400190020002200204990001500226INLIS00000000000326720251203104345 a0010-12250000881 aYang Telah Lama Pergi /cTere Liye0 aTere Liye a444 hlm ;c13,5 x 20 cm aDepok :bPT. Sabak Grip Nusantara,c2025 a813 a813 TER y a978-623-88296-0-6 a19742/B/26